000 00469nam a2200181Ia 4500
003 GCL
008 140319s9999 xx 000 0 eng d
040 _aGCL /
_cGCL
082 0 4 _a930.1
_bS A
100 1 _aSHENNAN, SLEPHEN
245 1 0 _aARCHAEOLOGICAL APPROACHES TO CULTURAL IDENTITY /
_cSHENNAN, SLEPHEN
260 _a[S.N] :
_bROUTLEDGE ،
_c1989
300 _a317 P
650 0 4 _aCIVILIZATION
650 0 4 _aARCHAEOLOGY
650 0 4 _aCULTURE
942 _2ddc
_cBK
999 _c19460
_d19460